000 00359nam a2200145 i 4500
001 bg
100 1 _aDEJNAROWICZ, Czesław
245 0 _aLiteratura naukowa. Uczeni. Wydawcy /
_cCzesław Dejnarowicz.
260 _aWarszawa,
_c1980.
040 _cBPK
041 _apol
080 _a655.4/.5:001
942 _cKS
008 s pl f |000 0 pol
999 _c20367
_d20367
856 _uhttp://koha.tu.koszalin.pl/cgi-bin/koha/opac-detail.pl?biblionumber=20367
_yKatalog online BPK